[Event "Women's Baku Chess Olympiad"]
[Site "chess24.com"]
[Date "2016.09.10"]
[Round "8"]
[White "Paikidze, Nazi"]
[Black "Gunina, Valentina"]
[Result "0-1"]
[Board "2"]
[WhiteID "13603620"]
[WhiteElo "2366"]
[WhiteTitle "IM"]
[WhiteCountry "USA"]
[WhiteFideId "13603620"]
[WhiteEloChange "-6"]
[BlackID "4167570"]
[BlackElo "2520"]
[BlackTitle "GM"]
[BlackCountry "RUS"]
[BlackFideId "4167570"]
[BlackEloChange "3"]

1. d4 {[%clk 1:30:55]} Nf6 {[%clk 1:30:49]} 2. c4 {[%clk 1:31:16]} e6 {[%clk
1:31:14]} 3. g3 {[%clk 1:31:32]} d5 {[%clk 1:30:57]} 4. Nf3 {[%clk 1:31:56]} Bb4+
{[%clk 1:30:40]} 5. Bd2 {[%clk 1:32:18]} Be7 {[%clk 1:31:02]} 6. Bg2 {[%clk
1:32:41]} O-O {[%clk 1:31:04]} 7. O-O {[%clk 1:33:05]} Nbd7 {[%clk 1:31:07]} 8.
Qc2 {[%clk 1:32:02]} c6 {[%clk 1:31:14]} 9. Rd1 {[%clk 1:32:13]} b6 {[%clk
1:31:03]} 10. b3 {[%clk 1:32:28]} Ne4 {[%clk 1:30:41]} 11. Be1 {[%clk 1:28:42]}
Bb7 {[%clk 1:29:22]} 12. Nc3 {[%clk 1:28:26]} f5 {[%clk 1:29:26]} 13. e3 {[%clk
1:26:57]} Qe8 {[%clk 1:23:26]} 14. Ne2 {[%clk 1:17:46]} g5 {[%clk 1:20:39]} 15.
Ne5 {[%clk 1:13:15]} Nxe5 {[%clk 1:03:43]} 16. dxe5 {[%clk 1:13:37]} g4 {[%clk
1:03:14]} 17. Nf4 {[%clk 1:04:21]} Bg5 {[%clk 1:00:19]} 18. b4 {[%clk 0:53:41]}
Rd8 {[%clk 0:49:51]} 19. Rab1 {[%clk 0:43:55]} Rf7 {[%clk 0:48:03]} 20. Qe2
{[%clk 0:37:23]} Rfd7 {[%clk 0:44:35]} 21. c5 {[%clk 0:27:57]} bxc5 {[%clk
0:40:32]} 22. bxc5 {[%clk 0:28:00]} Nxc5 {[%clk 0:38:45]} 23. Rdc1 {[%clk
0:24:59]} Ba6 {[%clk 0:38:11]} 24. Qd1 {[%clk 0:24:56]} Bc4 {[%clk 0:35:32]} 25.
Bf1 {[%clk 0:15:54]} Bh6 {[%clk 0:31:39]} 26. Bxc4 {[%clk 0:15:00]} dxc4 {[%clk
0:32:05]} 27. Qe2 {[%clk 0:14:02]} Nd3 {[%clk 0:31:00]} 28. Rxc4 {[%clk 0:14:17]}
Nxe5 {[%clk 0:31:10]} 29. Rc5 {[%clk 0:13:05]} Nf3+ {[%clk 0:30:34]} 30. Kg2
{[%clk 0:11:51]} Rd6 {[%clk 0:27:15]} 31. h4 {[%clk 0:08:17]} Bf8 {[%clk
0:21:14]} 32. Ba5 {[%clk 0:03:40]} R8d7 {[%clk 0:20:46]} 33. Rbc1 {[%clk
0:03:16]} e5 {[%clk 0:20:33]} 34. Qc4+ {[%clk 0:03:10]} Qf7 {[%clk 0:20:56]} 35.
Ne2 {[%clk 0:02:58]} Rd5 {[%clk 0:16:19]} 36. Rxd5 {[%clk 0:02:47]} cxd5 {[%clk
0:16:45]} 37. Qc8 {[%clk 0:02:52]} Kg7 {[%clk 0:13:39]} 38. Bc7 {[%clk 0:02:05]}
d4 {[%clk 0:09:26]} 39. exd4 {[%clk 0:01:13]} Ba3 {[%clk 0:08:36]} 40. Rc3 {[%clk
0:30:38]} Bb4 {[%clk 0:34:10]} 41. Rc1 {[%clk 0:24:32]} Ba3 {[%clk 0:30:04]} 42.
Rc3 {[%clk 0:20:31]} exd4 {[%clk 0:29:05]} 43. Rxa3 {[%clk 0:16:24]} Rxc7 {[%clk
0:29:00]} 44. Qb8 {[%clk 0:16:47]} Rb7 {[%clk 0:25:51]} 45. Qd6 {[%clk 0:13:30]}
Rd7 {[%clk 0:17:11]} 46. Qc5 {[%clk 0:12:57]} Rc7 {[%clk 0:12:51]} 47. Qa5 {[%clk
0:10:51]} Re7 {[%clk 0:12:48]} 48. Qc5 {[%clk 0:08:35]} Re5 {[%clk 0:12:27]} 49.
Qxa7 {[%clk 0:04:16]} Rxe2 {[%clk 0:12:39]} 50. Qb6 {[%clk 0:02:40]} Re1 {[%clk
0:12:41]} 0-1

[Event "Women's Baku Chess Olympiad"]
[Site "chess24.com"]
[Date "2016.09.10"]
[Round "8"]
[White "Socko, Monika"]
[Black "Haast, Anne"]
[Result "0-1"]
[Board "1"]
[WhiteID "1106619"]
[WhiteElo "2437"]
[WhiteTitle "GM"]
[WhiteCountry "POL"]
[WhiteFideId "1106619"]
[WhiteEloChange "-7"]
[BlackID "1017292"]
[BlackElo "2306"]
[BlackTitle "WGM"]
[BlackCountry "NED"]
[BlackFideId "1017292"]
[BlackEloChange "14"]

1. d4 {[%clk 1:30:57]} d5 {[%clk 1:30:39]} 2. c4 {[%clk 1:31:23]} dxc4 {[%clk
1:30:51]} 3. e3 {[%clk 1:31:51]} b5 {[%clk 1:30:25]} 4. a4 {[%clk 1:32:11]} b4
{[%clk 1:30:27]} 5. Bxc4 {[%clk 1:31:55]} e6 {[%clk 1:30:34]} 6. Nf3 {[%clk
1:30:42]} Nf6 {[%clk 1:30:38]} 7. Nbd2 {[%clk 1:30:06]} Be7 {[%clk 1:30:15]} 8.
O-O {[%clk 1:29:09]} O-O {[%clk 1:30:06]} 9. b3 {[%clk 1:28:11]} Bb7 {[%clk
1:25:03]} 10. Bb2 {[%clk 1:25:02]} c5 {[%clk 1:23:24]} 11. Rc1 {[%clk 1:18:43]}
Nbd7 {[%clk 1:14:37]} 12. Qe2 {[%clk 1:14:24]} cxd4 {[%clk 1:10:13]} 13. Nxd4
{[%clk 1:11:22]} Nc5 {[%clk 1:08:25]} 14. Rfd1 {[%clk 1:08:10]} Qb6 {[%clk
1:07:05]} 15. N2f3 {[%clk 1:04:13]} Nfe4 {[%clk 1:02:10]} 16. Ne5 {[%clk
0:58:44]} Rac8 {[%clk 0:53:27]} 17. Qh5 {[%clk 0:48:13]} Nf6 {[%clk 0:37:48]} 18.
Qh3 {[%clk 0:44:00]} Nd5 {[%clk 0:30:14]} 19. Ndf3 {[%clk 0:38:35]} Nc3 {[%clk
0:27:09]} 20. Bxc3 {[%clk 0:26:58]} bxc3 {[%clk 0:27:34]} 21. Rxc3 {[%clk
0:27:15]} Bf6 {[%clk 0:27:30]} 22. Rcc1 {[%clk 0:16:09]} Bxf3 {[%clk 0:18:40]}
23. Nxf3 {[%clk 0:16:37]} Nxb3 {[%clk 0:18:57]} 24. Bd3 {[%clk 0:16:38]} g6
{[%clk 0:19:17]} 25. Rb1 {[%clk 0:15:15]} Rc3 {[%clk 0:19:07]} 26. Qg4 {[%clk
0:13:20]} Qc7 {[%clk 0:17:58]} 27. h4 {[%clk 0:12:38]} h5 {[%clk 0:17:42]} 28.
Qb4 {[%clk 0:10:20]} a5 {[%clk 0:14:48]} 29. Qf4 {[%clk 0:10:43]} Qxf4 {[%clk
0:13:25]} 30. exf4 {[%clk 0:11:12]} Nc5 {[%clk 0:13:34]} 31. Bb5 {[%clk 0:06:57]}
Ra3 {[%clk 0:13:41]} 32. Ne5 {[%clk 0:05:53]} Bxh4 {[%clk 0:04:00]} 33. Nc4
{[%clk 0:04:02]} Ra2 {[%clk 0:04:01]} 34. g3 {[%clk 0:04:28]} Bf6 {[%clk
0:04:06]} 35. Nb6 {[%clk 0:04:02]} Rb8 {[%clk 0:03:17]} 36. Bc6 {[%clk 0:02:36]}
Kg7 {[%clk 0:03:09]} 37. Rb5 {[%clk 0:02:20]} Rd8 {[%clk 0:01:17]} 38. Rxd8
{[%clk 0:01:12]} Bxd8 {[%clk 0:01:44]} 39. Nc4 {[%clk 0:01:01]} Nd3 {[%clk
0:01:12]} 40. Rb7 {[%clk 0:30:55]} Rc2 {[%clk 0:30:58]} 41. Bb5 {[%clk 0:26:50]}
Nc5 {[%clk 0:13:15]} 42. Ra7 {[%clk 0:20:53]} Ne4 {[%clk 0:12:41]} 43. Ne5 {[%clk
0:19:05]} Rc7 {[%clk 0:10:02]} 44. Ra8 {[%clk 0:16:13]} Rc1+ {[%clk 0:08:15]} 45.
Kg2 {[%clk 0:16:42]} Bb6 {[%clk 0:08:29]} 46. Nc4 {[%clk 0:08:44]} Bxf2 {[%clk
0:07:17]} 47. Kf3 {[%clk 0:09:07]} f5 {[%clk 0:06:52]} 48. Rxa5 {[%clk 0:07:36]}
Rc3+ {[%clk 0:06:35]} 49. Ke2 {[%clk 0:07:39]} Bxg3 {[%clk 0:06:07]} 50. Ra8
{[%clk 0:07:02]} Bxf4 {[%clk 0:06:19]} 51. a5 {[%clk 0:07:31]} Nd6 {[%clk
0:05:18]} 52. Nxd6 {[%clk 0:07:05]} Bxd6 {[%clk 0:05:43]} 53. a6 {[%clk 0:07:03]}
Ra3 {[%clk 0:04:48]} 54. Bc4 {[%clk 0:06:48]} e5 {[%clk 0:03:15]} 55. Re8 {[%clk
0:05:02]} e4 {[%clk 0:01:57]} 56. Re6 {[%clk 0:05:29]} Bc5 {[%clk 0:02:16]} 57.
Rc6 {[%clk 0:05:55]} Bg1 {[%clk 0:02:08]} 58. Kf1 {[%clk 0:06:21]} Ra1+ {[%clk
0:02:25]} 59. Kg2 {[%clk 0:06:50]} h4 {[%clk 0:02:20]} 60. Kh3 {[%clk 0:05:02]}
g5 {[%clk 0:02:06]} 61. Be6 {[%clk 0:05:29]} Kf6 {[%clk 0:01:49]} 62. Bc8+ {[%clk
0:05:51]} Ke5 {[%clk 0:02:00]} 63. Re6+ {[%clk 0:03:47]} Kf4 {[%clk 0:02:16]} 64.
Rf6 {[%clk 0:04:13]} Ra5 {[%clk 0:02:26]} 65. Rf7 {[%clk 0:04:33]} Be3 {[%clk
0:02:04]} 66. Rf6 {[%clk 0:04:20]} Bf2 {[%clk 0:02:07]} 67. Kg2 {[%clk 0:04:41]}
Bd4 {[%clk 0:02:10]} 68. Rd6 {[%clk 0:05:10]} Ra2+ {[%clk 0:02:17]} 69. Kf1
{[%clk 0:05:30]} h3 {[%clk 0:02:00]} 0-1

[Event "Women's Baku Chess Olympiad"]
[Site "chess24.com"]
[Date "2016.09.10"]
[Round "8"]
[White "Lanchava, Tea"]
[Black "Szczepkowska-Horowska, Karina"]
[Result "1/2-1/2"]
[Board "2"]
[WhiteID "1005308"]
[WhiteElo "2258"]
[WhiteTitle "IM"]
[WhiteCountry "NED"]
[WhiteFideId "1005308"]
[WhiteEloChange "4"]
[BlackID "1122681"]
[BlackElo "2409"]
[BlackTitle "WGM"]
[BlackCountry "POL"]
[BlackFideId "1122681"]
[BlackEloChange "-2"]

1. c4 {[%clk 1:30:47]} c5 {[%clk 1:30:45]} 2. g3 {[%clk 1:30:45]} Nc6 {[%clk
1:30:04]} 3. Nc3 {[%clk 1:30:18]} e5 {[%clk 1:28:56]} 4. Nf3 {[%clk 1:30:04]} g6
{[%clk 1:27:54]} 5. Bg2 {[%clk 1:30:26]} Bg7 {[%clk 1:28:15]} 6. O-O {[%clk
1:30:33]} d6 {[%clk 1:27:58]} 7. a3 {[%clk 1:30:35]} Nge7 {[%clk 1:26:45]} 8. b4
{[%clk 1:27:13]} e4 {[%clk 1:26:43]} 9. Ne1 {[%clk 1:27:33]} f5 {[%clk 1:24:49]}
10. Rb1 {[%clk 1:25:07]} O-O {[%clk 1:22:23]} 11. Bb2 {[%clk 1:23:13]} Ne5 {[%clk
1:13:22]} 12. Nd5 {[%clk 0:54:28]} Nxc4 {[%clk 1:02:26]} 13. Bxg7 {[%clk
0:48:55]} Kxg7 {[%clk 1:01:54]} 14. Nxe7 {[%clk 0:46:22]} Qxe7 {[%clk 1:02:18]}
15. bxc5 {[%clk 0:44:38]} dxc5 {[%clk 0:57:55]} 16. Qc2 {[%clk 0:38:32]} Nb6
{[%clk 0:52:29]} 17. d3 {[%clk 0:36:22]} Re8 {[%clk 0:49:35]} 18. f3 {[%clk
0:28:46]} exd3 {[%clk 0:45:32]} 19. Nxd3 {[%clk 0:23:38]} c4 {[%clk 0:45:17]} 20.
Nf4 {[%clk 0:18:33]} Qe3+ {[%clk 0:39:18]} 21. Kh1 {[%clk 0:16:30]} Bd7 {[%clk
0:39:07]} 22. Rb4 {[%clk 0:14:39]} Bc6 {[%clk 0:36:29]} 23. Rfb1 {[%clk 0:09:13]}
Rad8 {[%clk 0:36:11]} 24. h4 {[%clk 0:07:20]} Qd2 {[%clk 0:31:17]} 25. Rxc4
{[%clk 0:06:06]} Nxc4 {[%clk 0:31:21]} 26. Qxc4 {[%clk 0:06:32]} Qe3 {[%clk
0:30:17]} 27. Rb3 {[%clk 0:06:40]} Qe5 {[%clk 0:29:55]} 28. Kh2 {[%clk 0:06:16]}
Rd4 {[%clk 0:27:51]} 29. Qc3 {[%clk 0:06:15]} Rd6 {[%clk 0:26:40]} 30. Qc1 {[%clk
0:06:15]} Re7 {[%clk 0:26:00]} 31. Rb2 {[%clk 0:04:38]} Be8 {[%clk 0:23:22]} 32.
Qb1 {[%clk 0:04:44]} b6 {[%clk 0:23:04]} 33. e4 {[%clk 0:03:55]} fxe4 {[%clk
0:22:42]} 34. fxe4 {[%clk 0:04:16]} Bc6 {[%clk 0:20:03]} 35. Rb4 {[%clk 0:03:05]}
Rd2 {[%clk 0:19:13]} 36. Qc1 {[%clk 0:03:25]} Rxg2+ {[%clk 0:16:41]} 37. Nxg2
{[%clk 0:02:47]} Bxe4 {[%clk 0:17:01]} 38. Nf4 {[%clk 0:02:15]} Bb7 {[%clk
0:15:37]} 39. Rb2 {[%clk 0:02:15]} Qf6 {[%clk 0:13:00]} 40. Rf2 {[%clk 0:32:35]}
Kg8 {[%clk 0:39:57]} 41. Qc4+ {[%clk 0:28:32]} Qf7 {[%clk 0:39:22]} 42. Qd4
{[%clk 0:28:16]} Rd7 {[%clk 0:34:41]} 43. Qe3 {[%clk 0:26:45]} 1/2-1/2

[Event "Women's Baku Chess Olympiad"]
[Site "chess24.com"]
[Date "2016.09.10"]
[Round "8"]
[White "Kulon, Klaudia"]
[Black "Kazarian, Anna-Maja"]
[Result "1-0"]
[Board "3"]
[WhiteID "1131044"]
[WhiteElo "2346"]
[WhiteTitle "WGM"]
[WhiteCountry "POL"]
[WhiteFideId "1131044"]
[WhiteEloChange "7"]
[BlackID "1033689"]
[BlackElo "2231"]
[BlackTitle "FM"]
[BlackCountry "NED"]
[BlackFideId "1033689"]
[BlackEloChange "-7"]

1. e4 {[%clk 1:30:57]} e6 {[%clk 1:30:57]} 2. d4 {[%clk 1:31:23]} d5 {[%clk
1:31:24]} 3. e5 {[%clk 1:31:48]} c5 {[%clk 1:31:50]} 4. c3 {[%clk 1:32:15]} Qb6
{[%clk 1:32:14]} 5. Nf3 {[%clk 1:32:39]} Bd7 {[%clk 1:32:40]} 6. a3 {[%clk
1:32:43]} Bb5 {[%clk 1:32:47]} 7. c4 {[%clk 1:32:21]} Bxc4 {[%clk 1:33:08]} 8.
Bxc4 {[%clk 1:32:44]} dxc4 {[%clk 1:33:34]} 9. d5 {[%clk 1:33:00]} Qb3 {[%clk
1:33:31]} 10. Nc3 {[%clk 1:21:38]} Qxd1+ {[%clk 1:32:31]} 11. Kxd1 {[%clk
1:22:06]} exd5 {[%clk 1:22:03]} 12. Nxd5 {[%clk 1:21:56]} Na6 {[%clk 1:22:25]}
13. Kc2 {[%clk 1:21:39]} O-O-O {[%clk 1:22:08]} 14. Ne3 {[%clk 1:20:45]} h6
{[%clk 1:14:51]} 15. Bd2 {[%clk 1:18:30]} Ne7 {[%clk 1:13:48]} 16. Nxc4 {[%clk
1:16:11]} Nc6 {[%clk 1:10:04]} 17. Bc3 {[%clk 1:11:37]} b5 {[%clk 1:03:50]} 18.
Na5 {[%clk 1:11:03]} Nab8 {[%clk 1:01:30]} 19. Rhe1 {[%clk 1:05:06]} Be7 {[%clk
0:52:44]} 20. Nxc6 {[%clk 0:59:39]} Nxc6 {[%clk 0:53:08]} 21. e6 {[%clk 0:59:53]}
f6 {[%clk 0:52:54]} 22. Nh4 {[%clk 0:58:50]} Rd5 {[%clk 0:52:14]} 23. Ng6 {[%clk
0:57:09]} Rhd8 {[%clk 0:51:46]} 24. f4 {[%clk 0:56:45]} c4 {[%clk 0:27:22]} 25.
Nxe7+ {[%clk 0:46:40]} Nxe7 {[%clk 0:27:47]} 26. a4 {[%clk 0:47:08]} b4 {[%clk
0:14:02]} 27. Bxb4 {[%clk 0:47:13]} Nc6 {[%clk 0:14:14]} 28. Bc3 {[%clk 0:47:39]}
f5 {[%clk 0:12:29]} 29. e7 {[%clk 0:38:36]} Re8 {[%clk 0:11:43]} 30. Bxg7 {[%clk
0:37:30]} Rd3 {[%clk 0:10:39]} 31. Bc3 {[%clk 0:37:33]} Rxe7 {[%clk 0:09:35]} 32.
Rxe7 {[%clk 0:37:41]} Nxe7 {[%clk 0:10:01]} 33. Re1 {[%clk 0:36:26]} Nd5 {[%clk
0:10:26]} 34. Bd2 {[%clk 0:36:31]} Nf6 {[%clk 0:03:32]} 35. Re6 {[%clk 0:35:37]}
Ne4 {[%clk 0:03:36]} 36. Bc1 {[%clk 0:32:41]} Kb7 {[%clk 0:02:01]} 37. Rxh6
{[%clk 0:31:49]} Nc5 {[%clk 0:01:42]} 38. Rh3 {[%clk 0:29:16]} Rxh3 {[%clk
0:00:52]} 39. gxh3 {[%clk 0:29:42]} Ne4 {[%clk 0:01:02]} 40. h4 {[%clk 0:59:32]}
Kc6 {[%clk 0:30:49]} 41. Be3 {[%clk 0:59:47]} a6 {[%clk 0:19:30]} 42. h5 {[%clk
0:59:56]} Kd5 {[%clk 0:18:33]} 43. h6 {[%clk 1:00:22]} Nf6 {[%clk 0:18:57]} 44.
Kc3 {[%clk 1:00:15]} Ne4+ {[%clk 0:18:25]} 45. Kb4 {[%clk 1:00:32]} Nf6 {[%clk
0:18:51]} 46. Bb6 {[%clk 1:00:49]} Ke4 {[%clk 0:18:59]} 47. Bc7 {[%clk 1:01:00]}
Kd3 {[%clk 0:18:32]} 48. Be5 {[%clk 1:01:24]} Nh7 {[%clk 0:18:43]} 49. Ka5 {[%clk
1:01:50]} 1-0

[Event "Women's Baku Chess Olympiad"]
[Site "chess24.com"]
[Date "2016.09.10"]
[Round "8"]
[White "Keetman, Maaike"]
[Black "Wozniak, Mariola"]
[Result "0-1"]
[Board "4"]
[WhiteID "1033697"]
[WhiteElo "2221"]
[WhiteCountry "NED"]
[WhiteFideId "1033697"]
[WhiteEloChange "-9"]
[BlackID "1152050"]
[BlackElo "2246"]
[BlackTitle "WIM"]
[BlackCountry "POL"]
[BlackFideId "1152050"]
[BlackEloChange "9"]

1. e4 {[%clk 1:30:57]} c5 {[%clk 1:30:55]} 2. Nf3 {[%clk 1:31:21]} d6 {[%clk
1:31:16]} 3. d4 {[%clk 1:31:47]} cxd4 {[%clk 1:31:39]} 4. Nxd4 {[%clk 1:32:13]}
Nf6 {[%clk 1:32:02]} 5. Nc3 {[%clk 1:32:39]} Nc6 {[%clk 1:32:25]} 6. Bg5 {[%clk
1:31:50]} e6 {[%clk 1:32:17]} 7. Qd2 {[%clk 1:31:49]} a6 {[%clk 1:31:14]} 8.
O-O-O {[%clk 1:31:56]} Bd7 {[%clk 1:30:49]} 9. f3 {[%clk 1:31:48]} Be7 {[%clk
1:30:57]} 10. h4 {[%clk 1:30:33]} h6 {[%clk 1:23:24]} 11. Be3 {[%clk 1:30:48]} b5
{[%clk 1:18:51]} 12. g4 {[%clk 1:20:29]} Nxd4 {[%clk 1:13:24]} 13. Qxd4 {[%clk
1:12:21]} e5 {[%clk 1:06:36]} 14. Qd2 {[%clk 1:10:46]} b4 {[%clk 0:57:50]} 15.
Nd5 {[%clk 1:10:06]} Nxd5 {[%clk 0:57:54]} 16. exd5 {[%clk 1:08:38]} a5 {[%clk
0:54:48]} 17. Kb1 {[%clk 0:58:14]} Qb8 {[%clk 0:43:41]} 18. Bd3 {[%clk 0:53:50]}
Qb7 {[%clk 0:40:55]} 19. Be4 {[%clk 0:50:15]} h5 {[%clk 0:31:41]} 20. gxh5 {[%clk
0:40:45]} f5 {[%clk 0:28:44]} 21. Bd3 {[%clk 0:40:33]} Rxh5 {[%clk 0:23:21]} 22.
Qg2 {[%clk 0:38:22]} Kf8 {[%clk 0:21:27]} 23. Rdg1 {[%clk 0:35:21]} Bf6 {[%clk
0:21:21]} 24. Bg5 {[%clk 0:35:28]} Bxg5 {[%clk 0:20:21]} 25. hxg5 {[%clk
0:35:51]} Rxh1 {[%clk 0:20:39]} 26. Rxh1 {[%clk 0:30:55]} Qxd5 {[%clk 0:16:11]}
27. Qh3 {[%clk 0:28:52]} Ke7 {[%clk 0:14:06]} 28. g6 {[%clk 0:22:29]} Qe6 {[%clk
0:13:57]} 29. Rg1 {[%clk 0:16:13]} Qf6 {[%clk 0:11:39]} 30. Qh5 {[%clk 0:12:09]}
a4 {[%clk 0:10:14]} 31. Bc4 {[%clk 0:05:17]} a3 {[%clk 0:07:53]} 32. bxa3 {[%clk
0:05:37]} bxa3 {[%clk 0:07:14]} 33. c3 {[%clk 0:04:57]} Ra4 {[%clk 0:04:28]} 34.
Bb3 {[%clk 0:04:18]} Rh4 {[%clk 0:04:09]} 35. Qg5 {[%clk 0:04:32]} Qxg5 {[%clk
0:04:17]} 36. Rxg5 {[%clk 0:04:57]} Rh2 {[%clk 0:04:04]} 37. Rg1 {[%clk 0:03:42]}
Bc6 {[%clk 0:02:11]} 38. Bc2 {[%clk 0:03:26]} f4 {[%clk 0:01:30]} 39. Rf1 {[%clk
0:03:12]} Bxf3 {[%clk 0:01:09]} 40. Rxf3 {[%clk 0:33:24]} Rh1+ {[%clk 0:31:35]}
41. Bd1 {[%clk 0:33:49]} Rxd1+ {[%clk 0:32:02]} 42. Kc2 {[%clk 0:34:16]} Rg1
{[%clk 0:32:12]} 43. Kb3 {[%clk 0:34:39]} Rxg6 {[%clk 0:28:55]} 44. Kxa3 {[%clk
0:34:57]} Rg3 {[%clk 0:29:10]} 45. Rf1 {[%clk 0:35:11]} Rxc3+ {[%clk 0:29:33]}
46. Kb4 {[%clk 0:35:35]} Rc8 {[%clk 0:29:49]} 0-1

[Event "Women's Baku Chess Olympiad"]
[Site "chess24.com"]
[Date "2016.09.10"]
[Round "8"]
[White "Papp, Petra"]
[Black "Zhukova, Natalia"]
[Result "1/2-1/2"]
[Board "3"]
[WhiteID "739049"]
[WhiteElo "2336"]
[WhiteTitle "WGM"]
[WhiteCountry "HUN"]
[WhiteFideId "739049"]
[WhiteEloChange "4"]
[BlackID "14101513"]
[BlackElo "2475"]
[BlackTitle "GM"]
[BlackCountry "UKR"]
[BlackFideId "14101513"]
[BlackEloChange "-2"]

1. e4 {[%clk 1:30:55]} e5 {[%clk 1:30:52]} 2. Nf3 {[%clk 1:31:15]} Nc6 {[%clk
1:31:17]} 3. Bb5 {[%clk 1:31:31]} a6 {[%clk 1:31:31]} 4. Ba4 {[%clk 1:31:50]} Nf6
{[%clk 1:31:39]} 5. O-O {[%clk 1:32:06]} Be7 {[%clk 1:31:47]} 6. Re1 {[%clk
1:31:40]} b5 {[%clk 1:31:28]} 7. Bb3 {[%clk 1:32:02]} d6 {[%clk 1:31:19]} 8. c3
{[%clk 1:31:28]} O-O {[%clk 1:31:30]} 9. h3 {[%clk 1:31:51]} Bb7 {[%clk 1:31:24]}
10. d4 {[%clk 1:31:38]} Re8 {[%clk 1:31:30]} 11. Ng5 {[%clk 1:30:41]} Rf8 {[%clk
1:31:43]} 12. Nf3 {[%clk 1:31:06]} Re8 {[%clk 1:31:19]} 13. Nbd2 {[%clk 1:31:05]}
Bf8 {[%clk 1:31:29]} 14. a3 {[%clk 1:25:27]} g6 {[%clk 1:31:01]} 15. Ba2 {[%clk
1:25:25]} Bg7 {[%clk 1:31:12]} 16. d5 {[%clk 1:13:59]} Nb8 {[%clk 1:29:36]} 17.
Nf1 {[%clk 1:11:22]} Nbd7 {[%clk 1:23:19]} 18. Ng3 {[%clk 1:08:12]} Nc5 {[%clk
1:12:21]} 19. Nh2 {[%clk 1:02:35]} c6 {[%clk 1:07:50]} 20. Bg5 {[%clk 0:53:14]}
cxd5 {[%clk 0:54:43]} 21. Ng4 {[%clk 0:41:33]} Ne6 {[%clk 0:44:53]} 22. Bxf6
{[%clk 0:40:20]} Bxf6 {[%clk 0:45:15]} 23. Bxd5 {[%clk 0:39:08]} Bxd5 {[%clk
0:45:39]} 24. Qxd5 {[%clk 0:36:54]} Be7 {[%clk 0:38:26]} 25. Rad1 {[%clk
0:35:48]} Bf8 {[%clk 0:33:36]} 26. Qd2 {[%clk 0:31:37]} Qh4 {[%clk 0:32:00]} 27.
Ne3 {[%clk 0:29:09]} Rac8 {[%clk 0:17:39]} 28. Qe2 {[%clk 0:28:16]} h5 {[%clk
0:16:35]} 29. Nd5 {[%clk 0:27:09]} Nf4 {[%clk 0:06:33]} 30. Qf3 {[%clk 0:25:59]}
Nxd5 {[%clk 0:06:51]} 31. Rxd5 {[%clk 0:26:11]} Re6 {[%clk 0:06:53]} 32. Nf1
{[%clk 0:23:25]} Bh6 {[%clk 0:06:17]} 33. Qg3 {[%clk 0:22:40]} Qxg3 {[%clk
0:03:20]} 34. Nxg3 {[%clk 0:21:27]} Kf8 {[%clk 0:02:23]} 35. Red1 {[%clk
0:16:18]} Ke7 {[%clk 0:02:34]} 36. f3 {[%clk 0:12:01]} h4 {[%clk 0:02:07]} 37.
Nf1 {[%clk 0:07:36]} f5 {[%clk 0:02:13]} 38. a4 {[%clk 0:03:40]} bxa4 {[%clk
0:01:39]} 39. Ra5 {[%clk 0:02:25]} fxe4 {[%clk 0:00:42]} 40. fxe4 {[%clk
0:32:41]} Rc4 {[%clk 0:31:05]} 41. Re1 {[%clk 0:30:31]} Kd7 {[%clk 0:18:16]} 42.
Rxa6 {[%clk 0:29:44]} Kc7 {[%clk 0:16:21]} 43. Ra7+ {[%clk 0:25:40]} Kc6 {[%clk
0:16:07]} 44. Ra6+ {[%clk 0:25:20]} Kb7 {[%clk 0:15:41]} 45. Ra5 {[%clk 0:25:43]}
Rf6 {[%clk 0:11:23]} 46. Re2 {[%clk 0:24:32]} Kb6 {[%clk 0:07:59]} 47. Ra8 {[%clk
0:24:18]} Kb7 {[%clk 0:07:42]} 48. Ra5 {[%clk 0:24:15]} Bg5 {[%clk 0:07:26]} 49.
Re1 {[%clk 0:18:36]} Rf8 {[%clk 0:07:47]} 50. Rd5 {[%clk 0:15:21]} Bd8 {[%clk
0:04:13]} 51. Nd2 {[%clk 0:13:27]} Bb6+ {[%clk 0:04:35]} 52. Kh1 {[%clk 0:13:19]}
Rc6 {[%clk 0:04:36]} 53. Nf3 {[%clk 0:12:06]} Rf4 {[%clk 0:03:59]} 54. Rb5 {[%clk
0:10:54]} a3 {[%clk 0:04:15]} 55. bxa3 {[%clk 0:09:59]} Rxc3 {[%clk 0:03:54]} 56.
Reb1 {[%clk 0:06:42]} Rc6 {[%clk 0:04:22]} 57. a4 {[%clk 0:06:18]} Ka6 {[%clk
0:02:28]} 58. R5b4 {[%clk 0:05:09]} Bc5 {[%clk 0:01:29]} 59. Rc4 {[%clk 0:01:26]}
Rb6 {[%clk 0:01:56]} 60. Rd1 {[%clk 0:01:26]} Be3 {[%clk 0:00:47]} 61. a5 {[%clk
0:00:34]} Kxa5 {[%clk 0:00:48]} 62. Rc3 {[%clk 0:00:33]} Bf2 {[%clk 0:00:36]} 63.
Rc2 {[%clk 0:00:36]} Be3 {[%clk 0:00:40]} 64. Rc3 {[%clk 0:00:43]} Bf2 {[%clk
0:00:53]} 65. Rc2 {[%clk 0:01:09]} Bd4 {[%clk 0:00:37]} 66. Nxd4 {[%clk 0:00:51]}
exd4 {[%clk 0:01:05]} 67. Ra2+ {[%clk 0:00:41]} Kb5 {[%clk 0:01:27]} 68. Rb2+
{[%clk 0:00:34]} Kc6 {[%clk 0:01:45]} 69. Rxb6+ {[%clk 0:00:52]} Kxb6 {[%clk
0:02:14]} 70. Rxd4 {[%clk 0:01:17]} Kc5 {[%clk 0:02:12]} 71. Rd5+ {[%clk
0:01:22]} Kc6 {[%clk 0:02:33]} 72. Rd4 {[%clk 0:01:35]} Kd7 {[%clk 0:02:30]} 73.
g3 {[%clk 0:00:34]} hxg3 {[%clk 0:01:27]} 74. Kg2 {[%clk 0:01:03]} Ke6 {[%clk
0:01:28]} 75. Kxg3 {[%clk 0:01:25]} Rf6 {[%clk 0:01:22]} 76. Rd5 {[%clk 0:01:40]}
Rf1 {[%clk 0:01:18]} 77. h4 {[%clk 0:01:14]} Re1 {[%clk 0:00:44]} 1/2-1/2